| 000 | 00808nam0a22002531 4500 | ||
|---|---|---|---|
| 001 | rc\119642 | ||
| 005 | 20250620190506.0 | ||
| 010 |
_a5-288-01590-2 _9500 |
||
| 035 | _a(NLR Aleph) 005377454 | ||
| 090 |
_a7064850 _c7064850 |
||
| 100 | _a20021216d1996 |||y0rusy50 ca | ||
| 101 | 0 | _arus | |
| 102 | _aRU | ||
| 105 | _aa ||||||||| | ||
| 200 | 1 |
_aРусские: "образ" народа _eСоциол. очерк _fЗ.В. Сикевич _gС.-Петерб. гос. ун-т |
|
| 210 |
_aСПб. _cИзд-во СПбГУ _d1996 |
||
| 215 |
_a152 с. _cтабл. _d21 |
||
| 320 | _aБиблиогр.: с. 150-151 | ||
| 700 | 1 |
_aСикевич _bЗ.В. _f1942- _gЗинаида Васильевна |
|
| 801 | 0 |
_aRU _bNLR _gpsbo |
|
| 801 | 1 |
_aRU _bELAR _2rusmarc |
|
| 852 |
_aNLR _j97-5/3163 |
||
| 942 | _cBOOK | ||
| 980 | _aNB | ||